|
|
|
|
| LEADER |
00687nab a2200193 i 4500 |
| 001 |
publ34026 |
| 005 |
20240710104500.0 |
| 008 |
240710s2017 hu o 000 eng d |
| 022 |
|
|
|a 1339-5637
|
| 024 |
7 |
|
|a 3252466
|2 mtmt
|
| 040 |
|
|
|a SZTE Publicatio Repozitórium
|b hun
|
| 041 |
|
|
|a eng
|
| 100 |
1 |
|
|a Soós Edit
|
| 245 |
1 |
0 |
|a Paradigm Shift in Public Administration in Hungary. The Magyary Zoltán Public Policy Programme
|h [elektronikus dokumentum] /
|c Soós Edit
|
| 260 |
|
|
|c 2017
|
| 300 |
|
|
|a 30-43
|
| 490 |
0 |
|
|a SLOVAK JOURNAL OF PUBLIC POLICY AND PUBLIC ADMINISTRATION
|v 4 No. 1
|
| 650 |
|
4 |
|a Jogtudomány
|
| 856 |
4 |
0 |
|u http://publicatio.bibl.u-szeged.hu/34026/1/EditSoos.pdf
|z Dokumentum-elérés
|